000 00662nam a2200229Ia 4500
003 OSt
005 20220926010244.0
006 a|||||r|||| 00| 0
007 ta
008 220923b |||||||| |||| 00| 0 eng d
037 _cGeneral Book
040 _aRTL
_cRTL
_beng
041 _2eng
_aeng
082 _aX:75-77.273.N8, N9
100 _aSingh Abhimenyu
_9311992
245 0 _aPlanning for developing a backward economy
260 _a New Delhi
_bVikes India
_c1989
300 _aviii,248p.
_ccm.
650 _aPlanned Economics
_9241820
942 _hX:75-77.273.N8, N9
_cGB
_2CC
999 _c616825
_d616825